Statistics for Guess the lion king characters.

Click here to take the quiz!

General Stats

  • This quiz has been taken 111 times
  • The average score is 11 of 15

Answer Stats

HintAnswer% Correct
the dad of the main character. very commanding and strict.mufasa
100%
a cub that wants to be king so badly, he puts lives at risk.simba
100%
Wants to be king but cant be so he puts lives to an end.scar
99%
Simba's best friend that will soon later be his girlfriend.nala
93%
the friendly meerkat who befriends simba when scar chases simba away.timon
91%
the monkey that introduced simba to pride rock.rafiki
89%
The friendly boar that becomes friends with simba and nearly gets killed my nala.pumbaa
84%
the snitch bird that follows simba around and reports back to mufasa.zazu
83%
simba's mother and mufasas's wife.sarabi
79%
a savage, fierce hyena working for scar in the elephant graveyard.shenzi
65%
Simba's daughter in lion king 2. also's nala's daughter.kiara
57%
did u do this test without google?No
56%
the scars kid cousin that crushes on simba's daughter and she loves him back.kovu
49%
ther head of the zoe tribe/ sarabi tribe.sarafina
21%
the silly, waste of space hyena that works for scar also in the elephant graveyard.kamari
5%

Score Distribution

Percentile by Number Answered

Percent of People with Each Score

Your Score History

You have not taken this quiz